000 00511cam a2200181ua 4500
020 _a0 07 099006 9
_c$5.95
041 _aeng
_h
082 _a515.35
_bAYR/TH
100 _aAgres, Frank .
245 _aTheory and problems of differential equations in SI metric units /
_cFrank Agres.
_hTextual Documents
250 _a1 /
_b.
260 _aSingapore :
_bMcGraw-Hill International Book Company ,
_c1981.
300 _a295 ; .
365 _a$5.95
504 _a
942 _cBK
999 _c2960
_d2960